• 首页
  • 本馆介绍
  • 公告通知
  • 最新文献
  • 馆藏检索
  • 电子资源
  • 读者导购
  • 参考咨询
  • 我的图书馆
  • 登录
  • 详细信息显示
  • 放入我的书架
  • 预约/预借图书
  • 作者相关作品
  • 分类相关作品
  • 丛书相关作品
  • 出版社相关作品

书目信息

  • 表格格式
  • 工作单格式
  • 卡片格式
题名:
非智力因素及其培养
    
 
作者: 阴国恩 编
分册:  
出版信息: 杭州   浙江人民出版社  1996
页数: 367页
开本: 20cm
丛书名: 当代智力心理学丛书
单 册:
中图分类: G44
科图分类: 38.14
主题词: 教育心理学
电子资源:
ISBN: 7-213-01310-6
000 00708nam2 2200253 45
001 0197023709
005 20070721092546.46
010    @a7-213-01310-6@dCNY17.80
100    @a19970814d1996 kemy0chiy0121 ea
101 0  @achi
102    @aCN@b330000
105    @ay z 000yy
200 10 @a非智力因素及其培养@Afei zhi li yin su ji qi pei yang@f阴国恩等[编]
210    @a杭州@c浙江人民出版社@d1996@h1997
215    @a367页@d20cm
225 2  @a当代智力心理学丛书
300    @a“九五”国家重点图书出版规划项目
410  0 @120010@a当代智力心理学丛书
606    @a教育心理学
690    @aG44@v3
692    @a38.14
701  0 @a阴国恩@Ayin guo en@4编
801  0 @aCN@bTSSF@c20070721
905    @a10447@dG44@e155
    
    非智力因素及其培养/阴国恩等[编].-杭州:浙江人民出版社,1996(1997)
    367页;20cm.-(当代智力心理学丛书)
    “九五”国家重点图书出版规划项目
    
    ISBN 7-213-01310-6:CNY17.80
    
●
相关链接 在E读中查询图书 在五车中查询图书 在当当中查询图书 在豆瓣中查询图书


正题名:非智力因素及其培养     索取号:G44/155         预约/预借

序号 登录号 条形码 馆藏地/架位号 状态 备注
1 0769840   207698400   第一样本阅览室/ [索取号:G44/155] 在馆    
欢迎您!
大连网信软件有限公司© 版权所有